Environmental biotechnology : (Record no. 70939)

MARC details
000 -LEADER
fixed length control field 01101nam a22002777a 4500
005 - DATE AND TIME OF LATEST TRANSACTION
control field 20121015142320.0
008 - FIXED-LENGTH DATA ELEMENTS--GENERAL INFORMATION
fixed length control field 121015t xxu||||| |||| 00| 0 eng d
010 ## - LCCN (DPL NO)
LC control number ENG-106092
020 ## - INTERNATIONAL STANDARD BOOK NUMBER
International Standard Book Number 9781259002885
Terms of availability 550.00
035 ## - SYSTEM CONTROL NUMBER
System control number EN-89625
037 ## - SOURCE OF ACQUISITION
Source of stock number/acquisition DBAD/PUB
040 ## - CATALOGING SOURCE
Original cataloging agency DPL
Language of cataloging Eng
082 ## - DEWEY DECIMAL CLASSIFICATION NUMBER
Classification number 628.5
100 1# - MAIN ENTRY--PERSONAL NAME
9 (RLIN) 53047
Personal name Rittmann, Bruce E.
245 10 - TITLE STATEMENT
Title Environmental biotechnology :
Statement of responsibility, etc by Bruce E. Rittmann [and] Perry L. McCarty
Remainder of title principles and applications /
260 ## - PUBLICATION, DISTRIBUTION, ETC. (IMPRINT)
Place of publication, distribution, etc New Delhi
Name of publisher, distributor, etc Tata McGraw Hill
Date of publication, distribution, etc 2012
270 ## - ADDRESS
Address 7 West Patel Nagar
City New Delhi
Postal code 110008
300 ## - PHYSICAL DESCRIPTION
Extent xiv, 754p. :
Dimensions 24cm(pbk)
Other physical details ill.
490 ## - SERIES STATEMENT
Series statement McGraw-Hill series in water resources and environmental engineering
-- 53109
500 ## - GENERAL NOTE
General note Includes bibliographical references and index
650 ## - SUBJECT ADDED ENTRY--TOPICAL TERM
Topical term or geographic name as entry element Bioremediation.
9 (RLIN) 53110
700 ## - ADDED ENTRY--PERSONAL NAME
Personal name McCarty, Perry L.
9 (RLIN) 53111
942 ## - ADDED ENTRY ELEMENTS (KOHA)
Source of classification or shelving scheme Dewey Decimal Classification
Item type English Books
Call number suffix RIT
Classification part 628.5
Holdings
Withdrawn status Lost status Source of classification or shelving scheme Damaged status Not for loan Collection code Home library Current library Date acquired Source of acquisition Cost, normal purchase price Total Checkouts Full call number Barcode Date last seen Copy number Cost, replacement price Koha item type
    Dewey Decimal Classification   Not For Loan Non-fiction D.B.Act.Division D.B.Act.Division 15/10/2012 DBAD/PUB 550.00   628.5 RIT EN-89625 15/10/2012 1 550.00 English Books

© Delhi Public Library
Hit Counter
free hit counter